| 000 | 00412nam a2200181Ia 4500 | ||
|---|---|---|---|
| 008 | 170918s9999 xx 000 0 und d | ||
| 020 | _a440241073 | ||
| 050 | _bG869su 1996 | ||
| 100 | _aGrisham, John | ||
| 245 | 4 | _aThe summons / | |
| 245 | _cby John Grisham. | ||
| 260 | _aCanada : | ||
| 260 | _bDell Book, | ||
| 260 | _c2002 | ||
| 300 | _a373 pages : | ||
| 300 | _billustrations ; | ||
| 300 | _c17cm. | ||
| 999 |
_c343420 _d343420 |
||